Brainrot italien par image - Statistiques

Statistiques générales
  • Ce quiz a été pris 4 269 fois
  • Le résultat moyen est 5 sur 10
Statistiques - réponses
Par images Réponse % Correct
Tralalero Tralala
87%
Tung Tung Tung Sahur
81%
Brr Brr Patapim
78%
Lirili Larila
63%
Bombardino Crocodilo
55%
Frigo Camello
44%
Trippi Troppi
42%
Bombombini Gusini
38%
La Vaca Saturno Saturnita
32%
Trulimero Trulicina
22%
Aucun quiz correspondant
Distribution des résultats
% des personnes avec chaque résultat
Percentile par nombre de réponses
Votre historique - résultats
Vous n’avez pas pris ce quiz